[Event "ICS rated blitz match"]
[Site "204.178.125.65"]
[Date "1999.09.16"]
[Round "?"]
[White "ComputoJon"]
[Black "Hossa"]
[Result "0-1"]
[WhiteElo "2176"]
[BlackElo "2419"]
[PlyCount "60"]
[EventDate "1999.??.??"]

1. e4 c5 2. c3 d5 3. exd5 Qxd5 4. d4 Nf6 5. Nf3 e6 6. Be2 Be7 7. Na3 O-O 8. Nb5
Na6 9. Be3 cxd4 10. Nbxd4 Nc5 11. h3 e5 12. Nc2 e4 13. Nfd4 Nd3+ 14. Bxd3 exd3
15. Qxd3 Qxg2 16. O-O-O Rd8 17. Rdg1 Qd5 18. Bh6 Bf8 19. Qf3 Qxf3 20. Nxf3 Ne4
21. Rg2 Rd6 22. Be3 Be6 23. Bd4 Bxa2 24. Ne3 Rc6 25. Bxg7 Bxg7 26. Ne5 Rc5 27.
Rhg1 Rxe5 28. Rxg7+ Kh8 29. Nc2 Nxf2 30. Nb4 30... Bb3 {ComputoJon resigns} 0-1

[Event "ICS rated blitz match"]
[Site "204.178.125.65"]
[Date "1999.09.15"]
[Round "?"]
[White "ComputoJon"]
[Black "Hossa"]
[Result "1/2-1/2"]
[WhiteElo "2163"]
[BlackElo "2400"]
[PlyCount "62"]
[EventDate "1999.??.??"]

1. e4 d5 2. exd5 Qxd5 3. Nc3 Qa5 4. d4 c6 5. Nf3 Nf6 6. Bc4 Bg4 7. h3 Bxf3 8.
Qxf3 Nbd7 9. Bd2 Qb6 10. g4 Qxd4 11. Bb3 Ne5 12. Qe2 Rd8 13. O-O-O Nd5 14. Nxd5
cxd5 15. Kb1 Qe4 16. Qb5+ Rd7 17. Rhe1 Qf3 18. Bc3 a6 19. Qc5 e6 20. Qc8+ Rd8
21. Qxb7 Bd6 22. Ba4+ Kf8 23. Qxa6 Nc4 24. Bb3 Nxb2 25. Bxb2 Qf4 26. Qb6 Rb8
27. Qc6 Rd8 28. Qb6 Rb8 29. Qc6 Rd8 30. Qb6 Rb8 31. Qc6 31... Rd8 {
Game drawn by repetition} 1/2-1/2

[Event "ICS rated blitz match"]
[Site "204.178.125.65"]
[Date "1999.10.03"]
[Round "?"]
[White "ComputoJon"]
[Black "Hossa"]
[Result "0-1"]
[WhiteElo "2227"]
[BlackElo "2414"]
[PlyCount "124"]
[EventDate "1999.??.??"]

1. e4 e5 2. Nf3 Nc6 3. d4 exd4 4. Nxd4 Bc5 5. Nxc6 bxc6 6. Bd3 Ne7 7. O-O O-O
8. Nc3 d5 9. Bg5 Bd4 10. exd5 Bxc3 11. bxc3 f6 12. Be3 cxd5 13. Bc5 Re8 14. Re1
Nf5 15. Qf3 Rxe1+ 16. Rxe1 Nh6 17. Be7 Bg4 18. Bxd8 Bxf3 19. Bxc7 Rc8 20. Ba5
Bh5 21. Re7 Rb8 22. f3 Bg6 23. Bxg6 hxg6 24. Rxa7 Rb1+ 25. Kf2 Rb2 26. Bb4 Nf5
27. a4 Rxc2+ 28. Kg1 Nh4 29. a5 Rxg2+ 30. Kf1 Rxh2 31. a6 Nxf3 32. Rd7 Ra2 33.
a7 Kh7 34. Bc5 Nd2+ 35. Ke1 Ne4 36. Bd4 Ra1+ 37. Ke2 Ng3+ 38. Kd2 Ra2+ 39. Kd1
Nf5 40. Rd8 Nxd4 41. a8=Q Rxa8 42. Rxa8 Ne6 43. Ra5 Nf4 44. Kd2 g5 45. Ra6 Kg6
46. Rd6 Kf5 47. Ke3 g6 48. Kd4 g4 49. Rxd5+ Nxd5 50. Kxd5 g3 51. c4 g2 52. c5
g1=Q 53. c6 Qh1+ 54. Kd6 Qxc6+ 55. Kxc6 Ke4 56. Kd6 f5 57. Ke6 f4 58. Kf6 f3
59. Kxg6 Ke5 60. Kg5 f2 61. Kg4 f1=Q 62. Kg5 62... Qg1+ {ComputoJon resigns}
0-1

[Event "ICS rated blitz match"]
[Site "204.178.125.65"]
[Date "1999.09.18"]
[Round "?"]
[White "ComputoJon"]
[Black "Hossa"]
[Result "0-1"]
[WhiteElo "2209"]
[BlackElo "2484"]
[PlyCount "31"]
[EventDate "1999.??.??"]

1. e4 e5 2. Nf3 Nc6 3. d4 exd4 4. Nxd4 Bc5 5. Nxc6 bxc6 6. Bd3 Ne7 7. O-O O-O
8. Nc3 d5 9. Bg5 Bd4 10. Rb1 f6 11. Bd2 Rb8 12. Qc1 Bg4 13. Kh1 f5 14. f3 fxe4
15. fxe4 Qd7 16. h3 {ComputoJon resigns} 0-1

[Event "ICS rated blitz match"]
[Site "204.178.125.65"]
[Date "1999.08.30"]
[Round "?"]
[White "CoquiCoqui"]
[Black "Hossa"]
[Result "0-1"]
[WhiteElo "2262"]
[BlackElo "2484"]
[PlyCount "112"]
[EventDate "1999.??.??"]

1. d4 Nf6 2. c4 e6 3. Nf3 d5 4. Bg5 Be7 5. Nc3 Nc6 6. Rc1 O-O 7. e3 Nd7 8. Bxe7
Nxe7 9. Bd3 c5 10. cxd5 exd5 11. O-O b6 12. Ng5 Nf6 13. dxc5 bxc5 14. Qc2 Ng6
15. Rfd1 Bg4 16. f3 Bc8 17. Bxg6 fxg6 18. Qb3 c4 19. Qb5 Bd7 20. Qc5 h6 21. Nh3
Bxh3 22. gxh3 Qb6 23. Qxb6 axb6 24. Nxd5 Nxd5 25. Rxd5 Rxa2 26. Rxc4 Rxb2 27.
f4 Ra8 28. Rc1 Raa2 29. e4 Rg2+ 30. Kf1 Raf2+ 31. Ke1 Re2+ 32. Kf1 Rxh2 33. e5
Rb2 34. Kg1 Rxh3 35. e6 Re3 36. Re5 Ree2 37. Rxe2 Rxe2 38. Rc6 b5 39. Rb6 Kf8
40. Rxb5 Rxe6 41. Kf2 Kf7 42. f5 gxf5 43. Rxf5+ Rf6 44. Rf3 Rxf3+ 45. Kxf3 g5
46. Kg4 Kf6 47. Kh5 Kf5 48. Kxh6 g4 49. Kg7 g3 50. Kf7 g2 51. Ke7 g1=Q 52. Kd6
Qb6+ 53. Kd5 Qb4 54. Kc6 Ke6 55. Kc7 Qb5 56. Kd8 56... Qb8# {
CoquiCoqui checkmated} 0-1

[Event "ICS rated blitz match"]
[Site "204.178.125.65"]
[Date "1999.10.17"]
[Round "?"]
[White "Data"]
[Black "Hossa"]
[Result "1-0"]
[WhiteElo "2733"]
[BlackElo "2538"]
[PlyCount "110"]
[EventDate "1999.??.??"]

1. e4 d5 2. exd5 Qxd5 3. Nc3 Qa5 4. d4 c6 5. Nf3 Nf6 6. Bc4 Bg4 7. h3 Bxf3 8.
Qxf3 Nbd7 9. Bd2 Qb6 10. O-O-O e6 11. Rhe1 Qxd4 12. Qe2 Bb4 13. a3 Bxc3 14.
Bxc3 Qf4+ 15. Bd2 Qh4 16. f4 O-O 17. Kb1 Rfd8 18. Rf1 Nc5 19. Bb4 Nfe4 20. Qe3
b6 21. g4 Ng3 22. Rg1 Nge4 23. Rgf1 Rxd1+ 24. Rxd1 Rd8 25. Be2 Rxd1+ 26. Bxd1
a5 27. Be1 Qf6 28. g5 Qf5 29. b4 axb4 30. axb4 Na4 31. Bf3 Nec3+ 32. Bxc3 Nxc3+
33. Qxc3 Qxf4 34. Bxc6 Qf1+ 35. Ka2 h6 36. gxh6 gxh6 37. Qg3+ Kh7 38. Be4+ Kh8
39. Kb3 f5 40. Qe5+ Kh7 41. Bd3 Qxh3 42. Qxe6 Qf3 43. Qf7+ Kh8 44. Kb2 Qa8 45.
Qf6+ Kh7 46. Bxf5+ Kg8 47. Qe7 h5 48. Qh7+ Kf8 49. Qh8+ Kf7 50. Qxa8 Kf6 51.
Qf8+ Ke5 52. Bh3 b5 53. Qf5+ Kd4 54. Qe6 h4 55. Bf1 55... h3 {Hossa resigns}
1-0

[Event "ICS rated blitz match"]
[Site "204.178.125.65"]
[Date "1999.10.07"]
[Round "?"]
[White "Data"]
[Black "Hossa"]
[Result "1-0"]
[WhiteElo "2805"]
[BlackElo "2477"]
[PlyCount "90"]
[EventDate "1999.??.??"]

1. e4 c6 2. d4 d5 3. exd5 cxd5 4. c4 Nf6 5. Nc3 Nc6 6. Bg5 dxc4 7. Bxc4 Nxd4 8.
Nf3 Nxf3+ 9. Qxf3 Qc7 10. Bb5+ Bd7 11. Bxd7+ Nxd7 12. O-O-O e5 13. Kb1 Rc8 14.
Nb5 Qc2+ 15. Ka1 Qc6 16. Nxa7 Qxf3 17. gxf3 Rc7 18. Be3 Bc5 19. Nb5 Rc6 20.
Bxc5 Nxc5 21. Rhe1 f6 22. b4 Na6 23. Nd6+ Rxd6 24. Rxd6 O-O 25. Rb6 Rf7 26. Rc1
Rd7 27. a3 Kf7 28. b5 Nb8 29. Rc8 Rd1+ 30. Kb2 Nd7 31. Rxb7 Ke7 32. a4 Rd2+ 33.
Rc2 Rd5 34. a5 Kd6 35. Rc6+ Ke7 36. a6 Rd2+ 37. Rc2 Rd4 38. a7 Ra4 39. Rd2 Ke6
40. Rdxd7 e4 41. fxe4 Ke5 42. Re7+ Kd4 43. Kb3 Ra1 44. Rbd7+ Kc5 45. Rd5+ 45...
Kb6 {Hossa resigns} 1-0

[Event "ICS rated blitz match"]
[Site "204.178.125.65"]
[Date "1999.10.10"]
[Round "?"]
[White "Dementia"]
[Black "Hossa"]
[Result "1-0"]
[WhiteElo "2836"]
[BlackElo "2430"]
[PlyCount "52"]
[EventDate "1999.??.??"]

1. e4 e5 2. Nf3 Nc6 3. Bc4 Bc5 4. c3 Nf6 5. d4 exd4 6. cxd4 Bb4+ 7. Nc3 Nxe4 8.
O-O Bxc3 9. d5 Bf6 10. Re1 Ne7 11. Rxe4 d6 12. Bg5 Bxg5 13. Nxg5 O-O 14. Nxh7
Kxh7 15. Qh5+ Kg8 16. Rh4 f6 17. g4 Re8 18. Bd3 f5 19. gxf5 Nxd5 20. Bc4 Qxh4
21. Bxd5+ Be6 22. Bxe6+ Rxe6 23. Qxh4 Rf6 24. Re1 Rc8 25. Qc4+ Kf8 26. Qe4
26... b5 {Hossa resigns} 1-0

[Event "ICS rated blitz match"]
[Site "204.178.125.65"]
[Date "1999.10.06"]
[Round "?"]
[White "Diepeveen"]
[Black "Hossa"]
[Result "0-1"]
[WhiteElo "2376"]
[BlackElo "2534"]
[PlyCount "84"]
[EventDate "1999.??.??"]

1. e4 c5 2. Nf3 Nc6 3. d4 cxd4 4. Nxd4 Nf6 5. Nc3 e5 6. Ndb5 d6 7. Bg5 a6 8.
Na3 Be7 9. Nc4 Nd4 10. Bxf6 Bxf6 11. Nd5 Bg4 12. Qxg4 Nxc2+ 13. Kd1 Nxa1 14.
Ncb6 Rb8 15. Bd3 Nb3 16. axb3 Bg5 17. h4 Bf6 18. h5 Bg5 19. Kc2 O-O 20. Kb1 f5
21. exf5 Kh8 22. f6 gxf6 23. Qf5 Rf7 24. Qe6 Qg8 25. Bg6 Rg7 26. Qxd6 Rd8 27.
Qc5 Qe6 28. Bd3 Qg4 29. g3 Qf3 30. Re1 Qxd3+ 31. Ka2 Qf3 32. Qc4 Qxf2 33. Re4
Qxg3 34. h6 Rgg8 35. Qc7 Qg2 36. Rc4 Rxd5 37. Nxd5 Qxd5 38. Qe7 f5 39. Qc7 Bxh6
40. Rc5 Qg2 41. Qxe5+ Bg7 42. Qxf5 42... Qxb2# {Diepeveen checkmated} 0-1

[Event "ICS rated blitz match"]
[Site "204.178.125.65"]
[Date "1999.09.02"]
[Round "?"]
[White "Dr-EL"]
[Black "Hossa"]
[Result "0-1"]
[WhiteElo "2030"]
[BlackElo "2514"]
[PlyCount "80"]
[EventDate "1999.??.??"]

1. e4 e6 2. d4 d5 3. Nc3 dxe4 4. Nxe4 Nd7 5. Nf3 Be7 6. Bd3 Ngf6 7. Nxf6+ Bxf6
8. h4 c5 9. dxc5 Nxc5 10. Bg5 Nxd3+ 11. Qxd3 Qxd3 12. cxd3 Bxb2 13. Rb1 Ba3 14.
O-O f6 15. Be3 Kf7 16. Rb3 Bd6 17. Rc1 b6 18. Rbc3 Bd7 19. Nd4 e5 20. Nb3 Rac8
21. Rxc8 Rxc8 22. Rxc8 Bxc8 23. Nd2 f5 24. Nc4 Bc7 25. f3 Be6 26. Nd2 Bxa2 27.
Kf2 f4 28. Bxf4 exf4 29. Ke1 a5 30. Kd1 a4 31. Kc2 b5 32. Kb2 Bd5 33. Nb1 b4
34. Nd2 a3+ 35. Ka1 Be5+ 36. d4 Bxd4+ 37. Kb1 b3 38. Nxb3 Bxb3 39. Kc1 Bc3 40.
g4 40... a2 {Dr-EL resigns} 0-1

[Event "ICS rated blitz match"]
[Site "204.178.125.65"]
[Date "1999.09.04"]
[Round "?"]
[White "DrHugoELO"]
[Black "Hossa"]
[Result "1-0"]
[WhiteElo "2070"]
[BlackElo "2509"]
[PlyCount "96"]
[EventDate "1999.??.??"]

1. c4 Nf6 2. g3 e5 3. Bg2 Bc5 4. Nc3 O-O 5. e3 d6 6. Nge2 Bb4 7. h3 Nc6 8. Qc2
Bxc3 9. Qxc3 e4 10. d4 exd3 11. Qxd3 Ne5 12. Qc2 Be6 13. b3 Qd7 14. Bb2 Qd8 15.
Rd1 Nc6 16. O-O Qe7 17. Nf4 Rfd8 18. Qc3 Re8 19. Kh2 Rad8 20. Rd2 a6 21. Rfd1
Rd7 22. b4 Ne5 23. Nd5 Bxd5 24. cxd5 Qd8 25. Qd4 Rde7 26. Rc2 Qc8 27. Rdc1 Qb8
28. a4 a5 29. bxa5 Qd8 30. Bc3 Qa8 31. Rb1 Qa6 32. Rb5 Rf8 33. Rcb2 Rb8 34. f4
Ned7 35. e4 Kh8 36. Qc4 Rbe8 37. R5b4 Nxe4 38. Bxe4 Rxe4 39. Qxe4 Rxe4 40. Rxe4
Qa8 41. Rbe2 Qg8 42. Re8 f6 43. Rxg8+ Kxg8 44. Re7 Nc5 45. Rxc7 Nxa4 46. Bd4 g5
47. Rxb7 h5 48. a6 48... g4 {Hossa resigns} 1-0

[Event "ICS rated blitz match"]
[Site "204.178.125.65"]
[Date "1999.08.28"]
[Round "?"]
[White "DrHugoELO"]
[Black "Hossa"]
[Result "0-1"]
[WhiteElo "2188"]
[BlackElo "2469"]
[PlyCount "25"]
[EventDate "1999.??.??"]

1. d4 Nf6 2. c4 e5 3. dxe5 Ng4 4. Nf3 Bc5 5. e3 Nc6 6. Qd5 Qe7 7. Nc3 Ngxe5 8.
Nxe5 Nxe5 9. Bd2 d6 10. O-O-O O-O 11. f4 Ng4 12. Bd3 Nf2 13. Qh5 {
DrHugoELO resigns} 0-1

[Event "ICS rated blitz match"]
[Site "204.178.125.65"]
[Date "1999.09.02"]
[Round "?"]
[White "DrHugoELO"]
[Black "Hossa"]
[Result "0-1"]
[WhiteElo "2055"]
[BlackElo "2452"]
[PlyCount "64"]
[EventDate "1999.??.??"]

1. d4 Nf6 2. Nc3 d5 3. Bg5 Nbd7 4. Qd3 e6 5. e4 dxe4 6. Nxe4 Be7 7. Bxf6 Nxf6
8. Nf3 O-O 9. O-O-O Bd7 10. h4 Nxe4 11. Qxe4 Bc6 12. Qg4 Qd5 13. Kb1 Rad8 14.
Bd3 Kh8 15. Rh3 a6 16. Ng5 h6 17. Be4 f5 18. Bxd5 fxg4 19. Nxe6 gxh3 20. Bxc6
bxc6 21. Nxd8 Bxd8 22. gxh3 Bxh4 23. c4 Rf3 24. d5 cxd5 25. cxd5 Rxh3 26. Rd4
Rh1+ 27. Kc2 Rh2 28. Rc4 Rxf2+ 29. Kd3 Bg3 30. b3 Rxa2 31. Rg4 Bd6 32. Kc4
32... Kh7 {DrHugoELO resigns} 0-1

[Event "ICS rated blitz match"]
[Site "204.178.125.65"]
[Date "1999.09.04"]
[Round "?"]
[White "DrHugoELO"]
[Black "Hossa"]
[Result "0-1"]
[WhiteElo "2062"]
[BlackElo "2497"]
[PlyCount "140"]
[EventDate "1999.??.??"]

1. d4 d5 2. Nf3 Bf5 3. Bf4 e6 4. e3 Nd7 5. h3 Bb4+ 6. c3 Be7 7. Bd3 Bxd3 8.
Qxd3 c5 9. Nbd2 Ngf6 10. O-O O-O 11. Bh2 cxd4 12. exd4 Rc8 13. Rfe1 Qb6 14.
Rab1 Qa5 15. a3 a6 16. Nf1 Ne4 17. Ne5 Nxe5 18. Bxe5 b5 19. f3 Nxc3 20. bxc3
Rxc3 21. Qd2 Bxa3 22. Ng3 Bb4 23. Qg5 f6 24. Qg4 fxe5 25. Qxe6+ Kh8 26. Rxe5
Rcc8 27. Rh5 Bc3 28. Qg6 Bxd4+ 29. Kh2 h6 30. Rd1 Qb6 31. Qd3 Bf2 32. Nf5 Qc7+
33. Kh1 Qf7 34. g4 Rc6 35. Kg2 Bb6 36. h4 Rd8 37. Re1 Qc7 38. Re2 Rc1 39. Nd4
Qc4 40. Qd2 Bxd4 41. Rxh6+ gxh6 42. Qxh6+ Kg8 43. Qg5+ Bg7 44. Qxd8+ Kh7 45.
Qe8 Qc6 46. Qh5+ Qh6 47. Qxd5 Qg6 48. Re4 Rc6 49. h5 Rc2+ 50. Kh3 Qc6 51. Qf5+
Kg8 52. Re7 Rh2+ 53. Kxh2 Qd6+ 54. Kh3 Qxe7 55. Qc8+ Qf8 56. Qc6 a5 57. g5 Qf5+
58. Kh4 Qf4+ 59. Kh3 Qxg5 60. Qe8+ Kh7 61. Qe4+ Kh6 62. Qc6+ Bf6 63. f4 Qxf4
64. Qxb5 Qf3+ 65. Kh2 Be5+ 66. Kg1 Bh2+ 67. Kxh2 Qxh5+ 68. Qxh5+ Kxh5 69. Kg3
a4 70. Kf4 70... a3 {DrHugoELO resigns} 0-1

[Event "ICS rated blitz match"]
[Site "204.178.125.65"]
[Date "1999.08.28"]
[Round "?"]
[White "DrHugoELO"]
[Black "Hossa"]
[Result "0-1"]
[WhiteElo "2213"]
[BlackElo "2444"]
[PlyCount "90"]
[EventDate "1999.??.??"]

1. d4 Nf6 2. Nc3 d5 3. Bg5 Nbd7 4. e3 e6 5. Qd3 c5 6. O-O-O cxd4 7. exd4 Bb4 8.
Nge2 O-O 9. Kb1 Re8 10. Bd2 e5 11. Qb5 Bxc3 12. Bxc3 Kh8 13. dxe5 Nxe5 14. f3
a6 15. Qa4 Bd7 16. Qd4 Bb5 17. Ng3 Rc8 18. Bxb5 axb5 19. Rhe1 Rc4 20. Rxe5 Rxd4
21. Rxe8+ Nxe8 22. Rxd4 Qb6 23. a3 Nc7 24. Ne4 Ne6 25. Rxd5 b4 26. axb4 Qg1+
27. Ka2 Qxg2 28. Nd2 Qxh2 29. Be5 Qh4 30. c4 Qe1 31. f4 Qd1 32. Nb3 Qg1 33. c5
Qh1 34. Rd7 Qc6 35. Rxf7 Kg8 36. Re7 Qa4+ 37. Kb1 Qxb3 38. f5 Qd3+ 39. Ka2 Qxf5
40. Bd6 Qd5+ 41. b3 Nd4 42. Re3 Qg2+ 43. Ka3 Nb5+ 44. Ka4 Qa2+ 45. Kxb5 45...
Qa6# {DrHugoELO checkmated} 0-1

[Event "ICS rated blitz match"]
[Site "204.178.125.65"]
[Date "1999.09.06"]
[Round "?"]
[White "DrHugoELO"]
[Black "Hossa"]
[Result "0-1"]
[WhiteElo "2145"]
[BlackElo "2458"]
[PlyCount "33"]
[EventDate "1999.??.??"]

1. d4 Nf6 2. c4 e6 3. Nc3 Bb4 4. Qc2 O-O 5. Nf3 d5 6. Bg5 dxc4 7. e3 b5 8.
O-O-O Bxc3 9. Qxc3 Bb7 10. Ne5 Nc6 11. f4 Ne4 12. Nxc6 Bxc6 13. Qc2 Nxg5 14.
fxg5 Qxg5 15. Qf2 Be4 16. h4 Qf5 17. Rg1 {DrHugoELO resigns} 0-1

[Event "ICS rated blitz match"]
[Site "204.178.125.65"]
[Date "1999.09.04"]
[Round "?"]
[White "DrHugoELO"]
[Black "Hossa"]
[Result "1-0"]
[WhiteElo "2128"]
[BlackElo "2464"]
[PlyCount "93"]
[EventDate "1999.??.??"]

1. c4 g6 2. g3 e5 3. Bg2 Ne7 4. Nc3 Bg7 5. e4 O-O 6. Nge2 f5 7. exf5 Rxf5 8.
O-O Nbc6 9. d3 Nd4 10. Nxd4 exd4 11. Nd5 Nxd5 12. Bxd5+ Kh8 13. Bg2 d6 14. Bf4
Rb8 15. a4 Qf8 16. Qd2 Be6 17. Rae1 Bd7 18. a5 c5 19. b4 b6 20. b5 Re8 21. Rxe8
Bxe8 22. axb6 axb6 23. h4 Bf7 24. Ra1 d5 25. g4 Rf6 26. Be5 dxc4 27. Ra8 Bg8
28. Rxf8 Rxf8 29. Qh6 Rf7 30. Bxg7+ Rxg7 31. dxc4 Bxc4 32. Qf4 g5 33. Qf8+ Bg8
34. h5 d3 35. Qd8 Rf7 36. Bd5 d2 37. Bxf7 d1=Q+ 38. Qxd1 Kg7 39. Qd8 Kxf7 40.
Qxb6 c4 41. Qc7+ Ke8 42. b6 Bd5 43. Qe5+ Kf8 44. Qxd5 Ke7 45. b7 Ke8 46. b8=Q+
Ke7 47. Qbd8# {Hossa checkmated} 1-0

[Event "ICS rated blitz match"]
[Site "204.178.125.65"]
[Date "1999.09.04"]
[Round "?"]
[White "DrHugoELO"]
[Black "Hossa"]
[Result "0-1"]
[WhiteElo "2136"]
[BlackElo "2456"]
[PlyCount "69"]
[EventDate "1999.??.??"]

1. d4 d5 2. Nf3 Bf5 3. g3 e6 4. Bg2 Bd6 5. O-O Ne7 6. Nbd2 c5 7. b3 Nbc6 8. Bb2
cxd4 9. Nxd4 Nxd4 10. Bxd4 e5 11. Bb2 O-O 12. e4 dxe4 13. Nxe4 Bc7 14. c4 Qxd1
15. Raxd1 Rad8 16. Ba3 Rxd1 17. Rxd1 Re8 18. Nd6 Bxd6 19. Rxd6 e4 20. h3 h5 21.
Kh2 b6 22. c5 Nc8 23. Rc6 e3 24. fxe3 Rxe3 25. cxb6 axb6 26. Bf1 Re1 27. Bc4
Ra1 28. b4 Be4 29. Rxc8+ Kh7 30. g4 h4 31. Bf1 Rxf1 32. Rc1 Rf2+ 33. Kg1 Rf3
34. Bb2 Rxh3 35. Bd4 {DrHugoELO resigns} 0-1

[Event "ICS rated blitz match"]
[Site "204.178.125.65"]
[Date "1999.08.28"]
[Round "?"]
[White "DrHugoELO"]
[Black "Hossa"]
[Result "0-1"]
[WhiteElo "2200"]
[BlackElo "2457"]
[PlyCount "104"]
[EventDate "1999.??.??"]

1. d4 Nf6 2. Nc3 d5 3. Bg5 Nbd7 4. Qd3 e6 5. e4 dxe4 6. Nxe4 Be7 7. Bxf6 Nxf6
8. Nxf6+ Bxf6 9. Nf3 O-O 10. g3 c5 11. c3 cxd4 12. cxd4 Qd5 13. Bg2 e5 14. Qb3
Qxb3 15. axb3 exd4 16. O-O Re8 17. Rfd1 Bg4 18. h3 Bxf3 19. Bxf3 Reb8 20. Bd5
Be5 21. Ra5 Bc7 22. Rb5 Bb6 23. Kg2 g6 24. Bc4 Rd8 25. Rd5 Rac8 26. Rd2 Rxd5
27. Bxd5 Rc7 28. f4 Rd7 29. Bc4 Ba5 30. Rd3 a6 31. Kf3 b5 32. Bd5 Rxd5 33. Ke4
Rd8 34. Rxd4 h5 35. b4 f5+ 36. Kd3 Rxd4+ 37. Kxd4 Bb6+ 38. Kd5 Kf7 39. Kc6 Bf2
40. Kb7 Bxg3 41. Kxa6 g5 42. Kxb5 g4 43. Kc6 gxh3 44. b5 h2 45. b6 h1=Q+ 46.
Kb5 Qf1+ 47. Kc6 Qg2+ 48. Kb5 Qxb2+ 49. Kc6 Bf2 50. b7 Ke7 51. b8=Q Qxb8 52.
Kd5 52... Qb5# {DrHugoELO checkmated} 0-1

[Event "ICS rated blitz match"]
[Site "204.178.125.65"]
[Date "1999.09.22"]
[Round "?"]
[White "DrHugoELO"]
[Black "Hossa"]
[Result "0-1"]
[WhiteElo "2045"]
[BlackElo "2259"]
[PlyCount "72"]
[EventDate "1999.??.??"]

1. d4 f5 2. Nc3 Nf6 3. Bg5 Nc6 4. Bxf6 exf6 5. Qd3 d5 6. a3 Be7 7. Nh3 g5 8. g3
Be6 9. Bg2 Qd7 10. O-O-O O-O-O 11. f3 f4 12. Nf2 Bf5 13. e4 fxe3 14. Qxe3 Rhe8
15. Qd2 Na5 16. Kb1 Bxa3 17. bxa3 Nb3 18. Qe1 Rxe1 19. Rhxe1 Qc6 20. Kb2 Nxd4
21. Rxd4 Qb6+ 22. Rb4 Qxf2 23. Re2 Qg1 24. f4 a5 25. Rb5 c6 26. Rb3 gxf4 27.
gxf4 Bg4 28. Re7 Qxg2 29. Rbxb7 Bd7 30. Na4 Kxb7 31. Nc5+ Kc7 32. Ne6+ Kd6 33.
Nxd8 Kxe7 34. Nb7 Bf5 35. Nxa5 Qxc2+ 36. Ka1 36... Qb1# {DrHugoELO checkmated}
0-1

[Event "ICS rated blitz match"]
[Site "204.178.125.65"]
[Date "1999.09.04"]
[Round "?"]
[White "DrHugoELO"]
[Black "Hossa"]
[Result "0-1"]
[WhiteElo "2128"]
[BlackElo "2464"]
[PlyCount "108"]
[EventDate "1999.??.??"]

1. d4 d5 2. Nf3 Bf5 3. Bf4 e6 4. e3 Nd7 5. Bd3 Bb4+ 6. c3 Bxd3 7. Qxd3 Bd6 8.
Nbd2 Bxf4 9. exf4 Ngf6 10. O-O O-O 11. f5 c5 12. fxe6 fxe6 13. Rae1 Qb6 14. b3
Rac8 15. Ng5 cxd4 16. cxd4 Rce8 17. Re3 e5 18. dxe5 Nxe5 19. Qb1 h6 20. Ngf3
Nxf3+ 21. Rxf3 Qd4 22. Rd3 Qf4 23. Nf3 Re4 24. h3 Rfe8 25. Qc1 Qxc1 26. Rxc1
Kh7 27. Rcd1 g5 28. g3 Re2 29. R1d2 Kg6 30. Rxe2 Rxe2 31. Rd2 Rxd2 32. Nxd2 Kf5
33. Kf1 Ne4 34. Nxe4 Kxe4 35. Ke2 a5 36. f3+ Ke5 37. Ke3 d4+ 38. Kd3 h5 39. Kc4
b5+ 40. Kd3 b4 41. Kc4 h4 42. gxh4 gxh4 43. Kd3 Kf4 44. Kxd4 Kxf3 45. Kd3 Kg2
46. Ke2 Kxh3 47. Kf3 Kh2 48. Kf2 h3 49. Kf1 Kg3 50. Kg1 h2+ 51. Kh1 Kh3 52. a3
bxa3 53. b4 a2 54. bxa5 54... a1=Q# {DrHugoELO checkmated} 0-1

[Event "ICS rated blitz match"]
[Site "204.178.125.65"]
[Date "1999.09.04"]
[Round "?"]
[White "DrHugoELO"]
[Black "Hossa"]
[Result "0-1"]
[WhiteElo "2110"]
[BlackElo "2482"]
[PlyCount "92"]
[EventDate "1999.??.??"]

1. d4 d5 2. Nf3 Bf5 3. Bf4 e6 4. e3 Nd7 5. Nbd2 Ne7 6. Be2 Ng6 7. Bg3 c5 8. O-O
Be7 9. c4 O-O 10. cxd5 exd5 11. dxc5 Nxc5 12. Nb3 Ne4 13. Nfd4 Bd7 14. Rc1 Nxg3
15. hxg3 Rc8 16. Qd2 Qb6 17. Bf3 Bb4 18. Qe2 Ne7 19. Rxc8 Rxc8 20. Rc1 Rxc1+
21. Nxc1 Bd6 22. Qc2 Qa5 23. Kf1 f6 24. a3 Ba4 25. Qe2 a6 26. Qe1 Qc5 27. Nce2
Be5 28. Qc3 Qd6 29. Nf4 Bc6 30. Nd3 Be8 31. Kg1 Bf7 32. Qc5 Qd7 33. Qb6 Bd6 34.
Nc5 Bxc5 35. Qxc5 Ng6 36. b4 Ne5 37. Be2 Bg6 38. b5 Bd3 39. bxa6 Bxa6 40. Bxa6
bxa6 41. Qa5 Qb7 42. Qd8+ Kf7 43. Qd6 Qb1+ 44. Kh2 Ng4+ 45. Kh3 Nxf2+ 46. Kh2
46... Qh1# {DrHugoELO checkmated} 0-1

[Event "ICS rated blitz match"]
[Site "204.178.125.65"]
[Date "1999.09.13"]
[Round "?"]
[White "DrHugoELO"]
[Black "Hossa"]
[Result "0-1"]
[WhiteElo "2173"]
[BlackElo "2399"]
[PlyCount "114"]
[EventDate "1999.??.??"]

1. d4 Nf6 2. Nc3 d5 3. Bg5 Nbd7 4. Nf3 e6 5. e4 Be7 6. e5 Ng8 7. h4 c5 8. Bb5
cxd4 9. Qxd4 Bxg5 10. hxg5 Ne7 11. O-O-O Nc6 12. Qf4 a6 13. Bd3 Nc5 14. Bxh7
Ne7 15. g6 fxg6 16. Qg5 Kf8 17. Bxg6 Rxh1 18. Rxh1 Kg8 19. Rh7 Nxg6 20. Qxd8+
Kxh7 21. Ng5+ Kh6 22. Nf7+ Kh7 23. Nd6 d4 24. Ne2 d3 25. Nd4 dxc2 26. f4 Nxf4
27. Kxc2 Nxg2 28. Nxc8 a5 29. Qc7 Ne1+ 30. Kd2 Ned3 31. Nb6 Rf8 32. a3 Rf2+ 33.
Ke3 Rf4 34. b4 axb4 35. Nxe6 Re4+ 36. Kd2 Nxe6 37. Qc2 Nef4 38. axb4 Re2+ 39.
Kc3 Rxc2+ 40. Kxc2 Nxe5 41. Kc3 Kg6 42. Kd4 Kf5 43. Nc8 Nc6+ 44. Kc5 Ke5 45. b5
Nd8 46. Kb6 Nd5+ 47. Ka7 g5 48. Nb6 Nxb6 49. Kxb6 g4 50. Kc7 g3 51. Kxd8 g2 52.
Kc7 g1=Q 53. b6 Qd4 54. Kb8 Qxb6 55. Ka8 Kd6 56. Kb8 Qa6 57. Kc8 57... Qa8# {
DrHugoELO checkmated} 0-1

[Event "ICS rated blitz match"]
[Site "204.178.125.65"]
[Date "1999.09.06"]
[Round "?"]
[White "DutchessJr"]
[Black "Hossa"]
[Result "0-1"]
[WhiteElo "2217"]
[BlackElo "2514"]
[PlyCount "20"]
[EventDate "1999.??.??"]

1. e4 c5 2. Nf3 d6 3. d4 cxd4 4. Nxd4 Nf6 5. f3 e5 6. Bb5+ Bd7 7. Bxd7+ Qxd7 8.
Nf5 d5 9. Bg5 dxe4 10. fxe4 10... Qxd1+ {DutchessJr resigns} 0-1

[Event "ICS rated blitz match"]
[Site "204.178.125.65"]
[Date "1999.08.31"]
[Round "?"]
[White "EASTWIND"]
[Black "Hossa"]
[Result "0-1"]
[WhiteElo "2308"]
[BlackElo "2543"]
[PlyCount "24"]
[EventDate "1999.??.??"]

1. e4 c5 2. Nc3 Nc6 3. Bc4 e6 4. f4 Nge7 5. d3 d5 6. Bb3 dxe4 7. Nxe4 Nd4 8.
Nf3 Nec6 9. Be3 Be7 10. O-O Nxf3+ 11. Qxf3 Nd4 12. Qg3 12... Ne2+ {
EASTWIND resigns} 0-1

[Event "ICS rated blitz match"]
[Site "204.178.125.65"]
[Date "1999.09.01"]
[Round "?"]
[White "EASTWIND"]
[Black "Hossa"]
[Result "1/2-1/2"]
[WhiteElo "2249"]
[BlackElo "2526"]
[PlyCount "100"]
[EventDate "1999.??.??"]

1. e4 e5 2. Nf3 Nc6 3. Bc4 Bc5 4. Nc3 d6 5. d3 Bb4 6. a3 Bxc3+ 7. bxc3 Bg4 8.
h3 Bxf3 9. Qxf3 Nf6 10. Bg5 Na5 11. Bb5+ c6 12. Ba4 O-O 13. Bb3 d5 14. Bxf6
Qxf6 15. Qxf6 gxf6 16. exd5 Nxb3 17. cxb3 cxd5 18. O-O-O Rac8 19. Kb2 Rc7 20.
Rc1 Kh8 21. Rhd1 Rfc8 22. c4 d4 23. b4 e4 24. Kc2 Re8 25. Kd2 Rce7 26. dxe4
Rxe4 27. Kd3 f5 28. Rd2 Rg8 29. g3 Rd8 30. c5 Kg7 31. b5 Kf6 32. c6 bxc6 33.
Rxc6+ Re6 34. Rdc2 f4 35. g4 Rd5 36. a4 h5 37. Rc7 hxg4 38. hxg4 a6 39. bxa6
Rxa6 40. R2c6+ Rxc6 41. Rxc6+ Ke5 42. Rb6 Rc5 43. Rb5 Rxb5 44. axb5 Kd5 45. b6
Kd6 46. Kxd4 Kc6 47. f3 f5 48. Ke5 fxg4 49. Kxf4 gxf3 50. Kxf3 50... Kxb6 {
Game drawn because neither player has mating material} 1/2-1/2

[Event "ICS rated blitz match"]
[Site "204.178.125.65"]
[Date "1999.08.31"]
[Round "?"]
[White "EASTWIND"]
[Black "Hossa"]
[Result "0-1"]
[WhiteElo "2322"]
[BlackElo "2529"]
[PlyCount "83"]
[EventDate "1999.??.??"]

1. e4 c5 2. Nf3 Nc6 3. c4 e5 4. Nc3 Nf6 5. d3 Be7 6. Be2 O-O 7. O-O d6 8. Nd5
Bd7 9. Be3 Nxd5 10. exd5 Nd4 11. Nxd4 cxd4 12. Bd2 b5 13. b3 bxc4 14. dxc4 f6
15. Bd3 Qe8 16. f4 Rd8 17. f5 Qf7 18. a3 a6 19. b4 Kh8 20. Rc1 Rfe8 21. g4 Kg8
22. Be4 Rc8 23. Rf2 Rc7 24. Qe2 Kh8 25. Rg2 Rcc8 26. h4 Kg8 27. g5 fxg5 28.
hxg5 Bxf5 29. Rf1 g6 30. Bxf5 gxf5 31. g6 hxg6 32. Qh5 g5 33. Qxf7+ Kxf7 34.
Rxf5+ Kg6 35. Rf3 Rxc4 36. Rh2 Rf8 37. Rfh3 Kf5 38. Rh7 Re8 39. Rf2+ Ke4 40.
Rff7 Rc2 41. Be1 Bd8 42. Rf6 {EASTWIND resigns} 0-1